000
00232nam a22000977a 4500
999
_c
533390
_d
533390
040
_c
dlc
100
_a
James Naughtie
_9
27246
245
_a
The Accidental American Tony Blair .................\
300
_a
250;p;
942
_2
ddc
_c
BK